• 首页
  • 本馆介绍
  • 公告通知
  • 最新文献
  • 馆藏检索
  • 电子资源
  • 读者导购
  • 参考咨询
  • 我的图书馆
  • 登录
  • 详细信息显示
  • 放入我的书架
  • 预约/预借图书
  • 作者相关作品
  • 分类相关作品
  • 丛书相关作品
  • 出版社相关作品

书目信息

  • 表格格式
  • 工作单格式
  • 卡片格式
题名:
实验单管收音机
    
 
作者: 陈珠庭 编
分册:  
出版信息: 上海   科学技术出版社  1956
页数: 58页
开本: 21cm
丛书名: 初级无线电实验小丛书
单 册:
中图分类: TN851.1
科图分类:
主题词: 晶体管接收机 , 接收机 , 收音机
电子资源:
ISBN:
000 00742nam2 2200289 45
001 0640302694
005 20060814111212.54
010    @dCNY0.26
091    @a15119.43
100    @a19970721d1956 em y0chiy0121 ea
101 0  @achi
102    @aCN@b310000
105    @aaf z 000yy
106    @ar
200 10 @a实验单管收音机@Ashi yan dan guan shou yin ji@f陈珠庭编
205    @a新1版
210    @a上海@c科学技术出版社@d1956
215    @a58页@c图,表@d21cm
225 2  @a初级无线电实验小丛书
410  0 @1 20010@a初级无线电实验小丛书
606    @a晶体管接收机
606 0  @a接收机
606 0  @a收音机
690    @aTN851.1@v3
701  0 @a陈珠庭@4编@Achen zhu ting
801 0  @c20060814
905    @a10447@dTN851.1@e62=2
    
    实验单管收音机/陈珠庭编 .-新1版 .-上海:科学技术出版社,1956
    58页:图,表;21cm .-(初级无线电实验小丛书 )
    
    
    ISBN :CNY0.26
    
●
相关链接 在E读中查询图书 在五车中查询图书 在当当中查询图书 在豆瓣中查询图书


正题名:实验单管收音机     索取号:TN851.1/62=2         预约/预借

序号 登录号 条形码 馆藏地/架位号 状态 备注
1 0458162   204581620   密集书库/ [索取号:TN851.1/62=2] 在馆    
唐山师范学院图书馆 欢迎您!
大连网信软件有限公司© 版权所有